000 00918nam a2200289Ia 4500
005 20250425162640.0
008 250425s9999 xx 000 0 und d
020 _a9786074810301
041 _aspa
082 _a658.81
_pHAI
100 _aHair, Joseph F.
245 0 _aAdministración de ventas
_brelaciones y sociedades con el cliente
_cJoseph F., Hair; Rolph E., Anderson; Rajiv, Mehta; Trad. Guadalupe, Meza Staines
250 _a1 ED
260 _aMéxico
_bCENGAGE LEARNING
_c2010
260 _aS.L.
300 _a462 páginas
500 _aTítulo Traducido: sales management building customer relationships and partnerships
650 _aAdministración de Venta
650 _aOrganización y Desarrollo
650 _aVenta
700 _aAnderson, Rolph E.
700 _aMehta, Rajiv
700 _aMeza Staines, Guadalupe,
_eTraductor
902 _aLibro
942 _c01
010 _a93817
999 _c233566
_d233566